Everything money / (Record no. 1355)

MARC details
000 -LEADER
fixed length control field 01266cam a2200277 a 4500
005 - DATE AND TIME OF LATEST TRANSACTION
control field 20240510083219.0
020 ## - INTERNATIONAL STANDARD BOOK NUMBER
International Standard Book Number 9781426310263 (pbk. : alk. paper)
020 ## - INTERNATIONAL STANDARD BOOK NUMBER
International Standard Book Number 9781426310270 (library binding : alk. paper)
040 ## - CATALOGING SOURCE
Original cataloging agency DLC
Transcribing agency DLC
Modifying agency DLC
050 00 - LIBRARY OF CONGRESS CALL NUMBER
Classification number HG221.5
Item number .F87 2013
082 00 - DEWEY DECIMAL CLASSIFICATION NUMBER
Classification number 332.4/9
Edition number 23
100 1# - MAIN ENTRY--PERSONAL NAME
Personal name Furgang, Kathy.
245 10 - TITLE STATEMENT
Title Everything money /
Statement of responsibility, etc. by Kathy Furgang ; with National Geographic Explorer Fred Hiebert.
260 ## - PUBLICATION, DISTRIBUTION, ETC.
Place of publication, distribution, etc. Washington, D.C. :
Name of publisher, distributor, etc. National Geographic,
Date of publication, distribution, etc. 2013.
300 ## - PHYSICAL DESCRIPTION
Extent 64 pages :
Other physical details color illustrations, map ;
Dimensions 25 cm
490 0# - SERIES STATEMENT
Series statement National Geographic kids
505 ## - FORMATTED CONTENTS NOTE
Formatted contents note Q
520 ## - SUMMARY, ETC.
Summary, etc. All you need to know about money can be found in the pages of this colorful, energetic, and accessible book. Kids will also learn about money around the world from a National Geographic expert, featured in "Explorer's Corners" throughout the book. Packed with fun facts and amazing photographs, this book gives kids an in-depth look at this facinating and important topic.
521 ## - TARGET AUDIENCE NOTE
Target audience note 980 <br/>
Source Lexile
521 ## - TARGET AUDIENCE NOTE
Target audience note Q <br/>
Source Raz-Plus
650 #0 - SUBJECT ADDED ENTRY--TOPICAL TERM
Topical term or geographic name entry element Money
General subdivision History
Form subdivision Juvenile literature.
700 1# - ADDED ENTRY--PERSONAL NAME
Personal name Hiebert, Fredrik T.
Fuller form of name (Fredrik Talmage)
906 ## - LOCAL DATA ELEMENT F, LDF (RLIN)
a 7
b cbc
c orignew
d 1
e ecip
f 20
g y-gencatlg
942 ## - ADDED ENTRY ELEMENTS (KOHA)
Source of classification or shelving scheme Dewey Decimal Classification
Koha item type Books
Suppress in OPAC No
999 ## -
-- 1355
-- 1355
Holdings
Withdrawn status Lost status Source of classification or shelving scheme Damaged status Not for loan Collection Home library Current library Shelving location Date acquired Total Checkouts Full call number Barcode Date last seen Date last checked out Copy number Price effective from Koha item type
    Dewey Decimal Classification     Non-Fiction Footprints International School Library Network Toul Kork Campus Footprints International School Library Network Toul Kork Campus A TK Campus, 4th Floor, Room B401, Non-Fiction Bookcases(7-8) 08/21/2023 2 FUR 332.4 HG221.F87 FISTK04988 02/06/2024 01/25/2024 1 08/21/2023 Books
    Dewey Decimal Classification     Non-Fiction Footprints International School Library Network Toul Kork Campus Footprints International School Library Network Toul Kork Campus A TK Campus, 4th Floor, Room B401, Non-Fiction Bookcases(7-8) 05/10/2024   FUR 332.4 HG221.F87 FISTK05589 05/10/2024   2 05/10/2024 Books